The 1975 input-output tables - draft report (Record no. 33060)

MARC details
000 -LEADER
fixed length control field 00856nam a2200193 a 4500
008 - FIXED-LENGTH DATA ELEMENTS--GENERAL INFORMATION
fixed length control field 061116s1981 ||||||||||||||||| || u
050 ## - LIBRARY OF CONGRESS CALL NUMBER
Classification number GOV.ZAM(08)BS/1
100 ## - MAIN ENTRY--PERSONAL NAME
Personal name Ncube, P. D
245 14 - TITLE STATEMENT
Title The 1975 input-output tables - draft report
Statement of responsibility, etc. Edited by P. D. Ncube; I. Mwanawina
260 ## - PUBLICATION, DISTRIBUTION, ETC.
Place of publication, distribution, etc. Lusaka:
Name of publisher, distributor, etc. National commission for development planning
Date of publication, distribution, etc. 1981
260 ## - PUBLICATION, DISTRIBUTION, ETC.
Place of publication, distribution, etc. Lusaka:
Name of publisher, distributor, etc. University of Zambia
Date of publication, distribution, etc. 1981
300 ## - PHYSICAL DESCRIPTION
Extent 24p.; ill.
350 ## - PRICE (NR) (BK AM CF MU VM SE) [OBSOLETE]
Price 0.00
490 ## - SERIES STATEMENT
Series statement Baseline study working papers
650 ## - SUBJECT ADDED ENTRY--TOPICAL TERM
Topical term or geographic name entry element INPUT-OUTPUT TABLES--ZAMBIA
700 ## - ADDED ENTRY--PERSONAL NAME
Personal name Mwanawina, I
710 ## - ADDED ENTRY--CORPORATE NAME
Corporate name or jurisdiction name as entry element Government of the Republic of Zambia. National Commission for Development Planning. University of Zambia
995 ## - RECOMMENDATION 995 [LOCAL, UNIMARC FRANCE]
-- 0.00
-- CBU-MAIN LIBRARY (Kitwe)
-- 1
-- 0.00
-- 1
-- AVAILABLE
-- Nov 16, 2006
-- Zambiana Collection
Holdings
Withdrawn status Lost status Source of classification or shelving scheme Damaged status Not for loan Home library Current library Shelving location Date acquired Total Checkouts Full call number Barcode Date last seen Price effective from Koha item type
          CBU-MAIN LIBRARY, KITWE. CBU-MAIN LIBRARY, KITWE.   11/30/2022   GOV.ZAM(08)BS/1 03001424 11/30/2022 11/30/2022 MONOGRAPH